Amerykańskie Miasta - Nagła śmierć - Statystyki

Ogólne statystyki
  • Ten quiz został rozwiązany 420 razy
  • Średni wynik to 5 z 9
Answers on the Grid
Answers color-coded by a green-red scale on the quiz's grid according to % correct below.
Los Angeles
Perth
Vigan
Las Venturas
Montevideo
La Paz
Birmingham
Toronto
Saragossa
Guanajuato
Kingston
Lima
Saint - Nazaire
Seattle
Bogota
Parnawa
 
Statystyki odpowiedzi
Odpowiedź % Poprawnych
Los Angeles
93%
Seattle
85%
Toronto
52%
Lima
43%
Bogota
42%
La Paz
41%
Montevideo
40%
Kingston
39%
Guanajuato
24%
Nie znaleziono quizów pasujących do podanych kryteriów
Rozkład punktacji
Procent ludzi z każdym wynikiem
Percentyl według liczby udzielonych odpowiedzi
Twoja historia wyników
Nie rozwiązałeś tego quizu